| 000 | 01192cam a2200337 i 4500 | ||
|---|---|---|---|
| 999 |
_c40695 _d40695 |
||
| 001 | 40695 | ||
| 003 | Mx-PuUPA | ||
| 005 | 20240410103816.0 | ||
| 008 | 140415s2006 mx gr 001 0 spa d | ||
| 020 | _a9706666435 | ||
| 040 |
_aMx-PuUPA _bspa _cMx-PuUPA _dMx-PuUPA _erda |
||
| 041 | 1 |
_aspa _heng |
|
| 100 | 1 |
_aLovecraft, H. P., _d1890-1937 _q(Howard Phillips), _eautor |
|
| 240 | 1 | 0 |
_aThe shadow over innsmouth. _lEspañol |
| 245 | 1 | 0 |
_aLa sombra sobre Innsmouth / _cH. P. Lovecraft ; traducción por Retórica Ediciones |
| 250 |
_a2a. edición / _bmarzo |
||
| 264 | 4 |
_aMéxico, D. F. : _bGrupo Editorial Tomo, _c2006 |
|
| 300 |
_a121 páginas ; _c19 cm. |
||
| 336 |
_atexto _2rdacontent _btxt |
||
| 337 |
_asin medio _2rdamedia _bn |
||
| 338 |
_avolumen _2rdacarrier _bnc |
||
| 650 | 4 | _aHistorias de terror | |
| 650 | 4 | _aCuentos americanos | |
| 710 | 2 |
_aRetórica Ediciones, _etraductor |
|
| 765 | 1 | 8 |
_aLovecraft, H. P., _tThe shadow over innsmouth. |
| 942 |
_2ddc _cLI _h813.52 _iL919 |
||